| 000 | 00361nam a22001577a 4500 | ||
|---|---|---|---|
| 003 | SGT | ||
| 020 | _a9788180389894 | ||
| 082 | _a346,048,AHU | ||
| 100 | _aAHUJA, V. K. | ||
| 245 | _aLAW RELATING TO INTELLECTUAL PROPERTY RIGHTS | ||
| 250 | _a2ND | ||
| 260 |
_aNEW DELHI _bLEXIS NEXIS _c2013 |
||
| 300 | _a753 | ||
| 650 | _a PROPERTY RIGHTS | ||
| 942 |
_2ddc _cBK |
||
| 999 |
_c10186 _d10186 |
||